• Scarsi Paola

di Personal Name

Records bibliografici associati: 1

001 - CONTROL NUMBER

  • control field: 58891

003 - CONTROL NUMBER IDENTIFIER

  • control field:

005 - DATE AND TIME OF LATEST TRANSACTION

  • control field: 20210503154105.0

008 - FIXED-LENGTH DATA ELEMENTS

  • fixed length control field: 210503|| aca||aabn | a|a d

040 ## - CATALOGING SOURCE

  • Original cataloging agency:
  • Transcribing agency:

100 ## - HEADING--PERSONAL NAME

  • Personal name: Scarsi Paola

670 ## - SOURCE DATA FOUND

  • Source citation: Work cat.: (): Scarsi Paola, Oltre il Covid. 365 idee per superare la crisi, 2020
CREDITS: SOCIETA' SAN PAOLO Via A.Severo, 58 - ROMA (RM) & PERIODICI SAN PAOLO SRL Via Giotto, 36 MILANO & CISF Via Giotto, 36 MILANO & EDIZIONI SAN PAOLO SRL,  Piazza Soncino, 5 CINISELLO BALSAMO (MI) -- ITALY